书目信息 |
| 题名: |
地理信息系统技术应用
|
|
| 作者: | 李建辉 主编 | |
| 分册: | ||
| 出版信息: | 武汉 武汉大学出版社 2013 |
|
| 页数: | 234页 | |
| 开本: | 26cm | |
| 丛书名: | ||
| 单 册: | ||
| 中图分类: | P208.2 | |
| 科图分类: | ||
| 主题词: | 地理信息系统--高等职业教育--教材 , 地理信息系统 | |
| 电子资源: | ||
| ISBN: | 978-7-307-10416-7 | |
| 000 | 00980nam0 2200277 450 | |
| 001 | 006566203 | |
| 005 | 20130609083916.34 | |
| 010 | @a978-7-307-10416-7@dCNY30.00 | |
| 035 | @a006566203 | |
| 100 | @a20130411d2013 em y0chiy0110 ea | |
| 101 | 0 | @achi |
| 102 | @aCN@b420000 | |
| 105 | @aa z 000yy | |
| 106 | @ar | |
| 200 | 1 | @a地理信息系统技术应用@9di li xin xi xi tong ji shu ying yong@f李建辉主编 |
| 210 | @a武汉@c武汉大学出版社@d2013 | |
| 215 | @a234页@c图@d26cm | |
| 300 | @a高职高专测绘类专业“十二五”规划教材·规范版 | |
| 304 | @a教育部测绘地理信息职业教育教学指导委员会组编 | |
| 330 | @a本书内容划分为7个项目、25个工作任务,具体包括:GIS平台选择、GIS空间数据获取、GIS空间数据处理、GIS空间数据建库、GIS空间数据查询与分析、GIS产品输出、GIS技术综合应用。 | |
| 606 | 0 | @a地理信息系统@x高等职业教育@j教材 |
| 606 | 0 | @a地理信息系统 |
| 690 | @aP208.2@v5 | |
| 701 | 0 | @a李建辉@9li jian hui@c(测绘学)@4主编 |
| 801 | 0 | @aCN@bNLC@c20130423 |
| 905 | @dP208.2@e205 | |
| 地理信息系统技术应用/李建辉主编.-武汉:武汉大学出版社,2013 |
| 234页:图;26cm |
| 高职高专测绘类专业“十二五”规划教材·规范版 |
| ISBN 978-7-307-10416-7:CNY30.00 |
| 本书内容划分为7个项目、25个工作任务,具体包括:GIS平台选择、GIS空间数据获取、GIS空间数据处理、GIS空间数据建库、GIS空间数据查询与分析、GIS产品输出、GIS技术综合应用。 |
| ● |
| 相关链接 |
|
|
|
|
正题名:地理信息系统技术应用
索取号:P208.2/205
 
预约/预借
| 序号 | 登录号 | 条形码 | 馆藏地/架位号 | 状态 | 备注 |
| 1 | 0545673 | 205456736 | 第二样本阅览室/ [索取号:P208.2/205] | 在馆 | |
| 2 | 0545674 | 205456745 | 第三借阅区/ [索取号:P208.2/205] | 在馆 | |
| 3 | 0545675 | 205456754 | 第三借阅区/ [索取号:P208.2/205] | 在馆 | |
| 4 | 0545676 | 205456763 | 第三借阅区/ [索取号:P208.2/205] | 在馆 | |
| 5 | 0545677 | 205456772 | 第三借阅区/ [索取号:P208.2/205] | 在馆 |